000 00701nam a22001937a 4500
005 20180122141930.0
010 _a1718EN-30
020 _a9788121907415
_c575.00
035 _aB-686053-087
037 _bAsian
_adpl
082 _a000
100 _aAggarwal, R.S.
245 _aObjective arithmetic :
_cby R.S. Aggarwal
_bSSC and railway exam special /
260 _aNew Delhi
_bS.Chand
_c2015
270 _a7361, Ram Nagar,
_bNew Delhi
_e110055
300 v _a635p.
_c24cm(pbk)
942 _2ddc
_cEN
_mAGG
_h000
999 _c145538
_d145538